000 00431nam a22001697a 4500
999 _c160399
_d160399
005 20190128154251.0
010 _aB-099021
020 _a8187649534
_c250.00
035 _aB-099021
037 _bKatha Classics
082 _aS
245 _a Fiction Pudumaippittan /
_cLakshmi Holmstrom
260 _aNew Delhi
_bKatha Classics
_c2002
300 _a251p.
_c22cm(pbk)
700 _aLakshmi Holmstrom
942 _2ddc
_cEN
_hS
_mPUD